000 00478nam a2200169 a 4500
005 20140412111226.0
008 020410s19uu xx 00 eng d
050 _aTR(GS 420.7
_bBON bk. F
100 _aBoning, Richard A.
245 _aUsing the context, F :
_bbooklet F /
_cRichard Boning.
250 _a3rd Ed.
260 _aNew York :
_bBarnell Loft Ltd,
_c1982.
300 _a1 v. (unp.) ; ill.
440 _aSpecific Skill Series
650 _aReading
999 _c102039
_d102039